000 00617cam a2200241 4500
008 090401t1999 xxu||||| |||| 00| 0 eng d
020 _a1854319795
035 _a(Sirsi) u99857
041 _aeng
050 _a346.410434
100 _aKenny, Ann
240 _aBlackstone's Landlord and Tenant series
245 _aForfeiture of tenancies.
260 _bBlackstone Press
_c1999
300 _axxi, 164p. ; 22cm.
350 _a24.95
650 _aTENANCY AGREEMENTS
650 _aFORFEITURE PROCEEDINGS
650 _aLEASES
690 _aLandlord and tenant
_96252
942 _n0
948 _c21/04/1999
999 _c99496
_d99496